000 01835nam a2200409 a 4500
001 51065
003 FlNmELB
005 20241216232257.0
006 m o d |
007 cr cn|||||||||
008 201201r2012 cu |||||s|||||||||||spa d
024 8 _zTesis
035 _a(MiAaPQ)EBC3200744
035 _a(Au-PeEL)EBL3200744
035 _a(CaPaEBR)ebr10584028
035 _a(OCoLC)929369996
040 _aFlNmELB
_bspa
_cFlNmELB
050 4 _aLA173
_bF4755 2012
080 _a378
082 0 4 _a378
_222
100 1 _aFigueredo Frutos, Lexy Lázaro.
245 1 0 _aMetodología para la atención educativa a escolares autistas con bajo nivel de funcionamiento desde la educación física adaptada
_h[recurso electronico]
_cLexy Lázaro Figueredo Frutos.
260 _aLa Habana :
_bEditorial Universitaria,
_c2012.
300 _a181 p.
500 _aTesis (doctorado) - Universidad de Ciencias de la Cultura Física y el Deporte "Manuel Fajardo".
520 _aSe trata de facilitar a los profesores de Educación Física Adaptada una metodología con un enfoque integrador, ersonalizado y sistémico que agrupa a los elementos necesarios para la atención educativa a escolares autistas con bajo nivel ...
533 _aRecurso electrónico. Santa Fe, Arg.: e-libro, 2015. Disponible vía World Wide Web. El acceso puede estar limitado para las bibliotecas afiliadas a e-libro.
650 4 _aEducación.
_xEducación física.
650 4 _aEducation.
_xPhysical education.
650 4 _aDeportes y Recreación.
_xGeneral.
650 4 _aSports and Recreation.
_xGeneral.
655 4 _aLibros electrónicos.
700 1 _aMaqueira Caraballo, Giceya.
_4drt
700 1 _aFleitas Díaz, Isabel María.
_4drt
710 2 _ae-libro, Corp.
856 4 0 _uhttps://elibro.net/ereader/politecnicointernacional/90423
999 _c51065
_d51065